| 000 | 01078nam0a22002411 4500 | ||
|---|---|---|---|
| 001 | v19\rc\2046792 | ||
| 005 | 20250620021322.0 | ||
| 035 | _a(NLR Aleph) 005126069 | ||
| 090 |
_a7637153 _c7637153 |
||
| 100 | _a20081111d1905 |||y0rusy50 ca | ||
| 101 | 0 | _arus | |
| 102 | _aRU | ||
| 105 | _ay z ||||| | ||
| 200 | 1 |
_aВозражение г. рецензенту Ученого комитета _eК вопросу о том, насколько отступления от обычного изложения геометрии могут свидетельствовать о несогласии автора с Эвклидом _f[Соч.] А.Н. Шапошникова |
|
| 210 |
_aМосква _cУнив. тип. _d1905 |
||
| 215 |
_a[2], 23 с. _d22 |
||
| 532 | 1 | 2 | _aВозражение господину рецензенту Ученого комитета |
| 700 | 1 |
_aШапошников _bА.Н. _f1872- _gАлександр Николаевич |
|
| 801 | 0 |
_aRU _bNLR _gpsbo |
|
| 801 | 1 |
_aRU _bProSoft-M _2rusmarc |
|
| 852 |
_aNLR _j34.53.4.680 |
||
| 942 | _cBOOK | ||
| 980 | _aNB | ||